Countries by Monarch Quiz Stats

 Plays Quiz Updated Aug 4, 2014

Also try: The King Is Dead!
Challenge
Share
Tweet
Embed
Score 0/28 Timer 10:00
4 Plays Today
% Correct
United Kingdom
91.2%
Japan
82.8%
Spain
79.9%
Sweden
63.8%
Monaco
59.8%
Norway
56.8%
Netherlands
53.2%
Denmark
51.6%
Luxembourg
50.9%
Saudi Arabia
49%
Swaziland
47.3%
Tonga
46.5%
Andorra
45.7%
Belgium
44.5%
% Correct
Jordan
42.2%
Liechtenstein
39.6%
Morocco
39.3%
Lesotho
35.8%
Brunei
32%
United Arab Emirates
31.8%
Thailand
29.3%
Cambodia
26.1%
Oman
24.6%
Bhutan
23.8%
Qatar
22.5%
Kuwait
16.8%
Bahrain
16.4%
Malaysia
13.8%

You're not logged in!

Compare scores with friends on all Sporcle quizzes.
OR
Log In

You Might Also Like...

Show Comments

Extras

Top Quizzes Today


Score Distribution

Your Account Isn't Verified!

In order to create a playlist on Sporcle, you need to verify the email address you used during registration. Go to your Sporcle Settings to finish the process.

Report this User

Report this user for behavior that violates our Community Guidelines.

Details: